A randomized controlled trial comparing surgical evacuation of pregnancy with or without ultrasound guidancy / (رقم التسجيلة. 46417)
[ عرض عادي ]
| 000 -LEADER | |
|---|---|
| fixed length control field | 01912cam a2200349 a 4500 |
| 003 - CONTROL NUMBER IDENTIFIER | |
| control field | EG-GiCUC |
| 005 - DATE AND TIME OF LATEST TRANSACTION | |
| control field | 20250223031013.0 |
| 008 - FIXED-LENGTH DATA ELEMENTS--GENERAL INFORMATION | |
| fixed length control field | 140628s2013 ua dh f m 000 0 eng d |
| 040 ## - CATALOGING SOURCE | |
| Original cataloging agency | EG-GiCUC |
| Language of cataloging | eng |
| Transcribing agency | EG-GiCUC |
| 041 0# - LANGUAGE CODE | |
| Language code of text/sound track or separate title | eng |
| 049 ## - LOCAL HOLDINGS (OCLC) | |
| Holding library | Deposite |
| 097 ## - Thesis Degree | |
| Thesis Level | Ph.D |
| 099 ## - LOCAL FREE-TEXT CALL NUMBER (OCLC) | |
| Classification number | Cai01.11.15.Ph.D.2013.Ma.R |
| 100 0# - MAIN ENTRY--PERSONAL NAME | |
| Personal name | Maha Mahmoud Zamzam |
| 245 12 - TITLE STATEMENT | |
| Title | A randomized controlled trial comparing surgical evacuation of pregnancy with or without ultrasound guidancy / |
| Statement of responsibility, etc. | Maha Mahmoud Zamzam ; Supervised Mohamed Momtaz Awad , Abdelmaguid Ismail Ramzy , Ahmed Mohamed Magdi |
| 246 15 - VARYING FORM OF TITLE | |
| Title proper/short title | تجربة عشوائية تحت الفحص للمقارنة ما بين التفريغ الجراحى للحمل فى حالة الإستعانة بالموجات فوق الصوتية أو عدم الإستعانة بها |
| 260 ## - PUBLICATION, DISTRIBUTION, ETC. | |
| Place of publication, distribution, etc. | Cairo : |
| Name of publisher, distributor, etc. | Maha Mahmoud Zamzam , |
| Date of publication, distribution, etc. | 2013 |
| 300 ## - PHYSICAL DESCRIPTION | |
| Extent | 163 Leaves : |
| Other physical details | charts , facsimiles ; |
| Dimensions | 25cm |
| 502 ## - DISSERTATION NOTE | |
| Dissertation note | Thesis (Ph.D.) - Cairo University - Faculty of Medicine - Department of Gynecology and Obstetrics |
| 520 ## - SUMMARY, ETC. | |
| Summary, etc. | Approximatly one in four women will experience a miscarriage during her lifetime. For more than 50 years, the standard management of early pregnancy failure has been a dilatation and curettage (D and C). Typically, the procedure is performed in an operating room, wich significantly increases cost. There is little objective information in this literature to prove that a D and C all patients will lower morbidity or improve emotional well being |
| 530 ## - ADDITIONAL PHYSICAL FORM AVAILABLE NOTE | |
| Additional physical form available note | Issued also as CD |
| 653 #4 - INDEX TERM--UNCONTROLLED | |
| Uncontrolled term | Miscarriage |
| 653 #4 - INDEX TERM--UNCONTROLLED | |
| Uncontrolled term | Obstetrics |
| 653 #4 - INDEX TERM--UNCONTROLLED | |
| Uncontrolled term | Ultrasound |
| 700 0# - ADDED ENTRY--PERSONAL NAME | |
| Personal name | Abdelmaguid Ismail Ramzy , |
| Relator term | |
| 700 0# - ADDED ENTRY--PERSONAL NAME | |
| Personal name | Ahmed Mohamed Magdi , |
| Relator term | |
| 700 0# - ADDED ENTRY--PERSONAL NAME | |
| Personal name | Mohamed Momtaz Awad , |
| Relator term | |
| 856 ## - ELECTRONIC LOCATION AND ACCESS | |
| Uniform Resource Identifier | <a href="http://172.23.153.220/th.pdf">http://172.23.153.220/th.pdf</a> |
| 905 ## - LOCAL DATA ELEMENT E, LDE (RLIN) | |
| Cataloger | Nazla |
| Reviser | Revisor |
| 905 ## - LOCAL DATA ELEMENT E, LDE (RLIN) | |
| Cataloger | Samia |
| Reviser | Cataloger |
| 942 ## - ADDED ENTRY ELEMENTS (KOHA) | |
| Source of classification or shelving scheme | Dewey Decimal Classification |
| Koha item type | Thesis |
| Source of classification or shelving scheme | Not for loan | Home library | Current library | Date acquired | Full call number | Barcode | Date last seen | Koha item type | Copy number |
|---|---|---|---|---|---|---|---|---|---|
| Dewey Decimal Classification | المكتبة المركزبة الجديدة - جامعة القاهرة | قاعة الرسائل الجامعية - الدور الاول | 11.02.2024 | Cai01.11.15.Ph.D.2013.Ma.R | 01010110062838000 | 22.09.2023 | Thesis | ||
| Dewey Decimal Classification | المكتبة المركزبة الجديدة - جامعة القاهرة | مخـــزن الرســائل الجـــامعية - البدروم | 11.02.2024 | Cai01.11.15.Ph.D.2013.Ma.R | 01020110062838000 | 22.09.2023 | CD - Rom | 62838.CD |